书目信息 |
| 题名: |
营销心理学
|
|
| 作者: | 刘亮如 编写 | |
| 分册: | ||
| 出版信息: | 北京 中国商业出版社 1994 |
|
| 页数: | 303页 | |
| 开本: | 19cm | |
| 丛书名: | ||
| 单 册: | ||
| 中图分类: | F713.5 , B84 | |
| 科图分类: | ||
| 主题词: | 商业心理学--专业学校--教材 , 心理学 | |
| 电子资源: | ||
| ISBN: | 7-5044-1693-2 | |
| 000 | 00932nam0 2200277 45 | |
| 001 | 1234587234 | |
| 005 | 20120929162844.12 | |
| 010 | @a7-5044-1693-2@dCNY9.80 | |
| 100 | @a19940514d1994 em y0chiy0121 ea | |
| 101 | 0 | @achi |
| 102 | @aCN@b110000 | |
| 105 | @ay z 000yy | |
| 200 | 10 | @a营销心理学@AYING XIAO XIN LI XUE@f刘亮如等编写@FLIU LIANG RU DENG BIAN XIE |
| 210 | @a北京@c中国商业出版社@d1994 | |
| 215 | @a303页@d19cm | |
| 300 | @a国内贸易部教育司推荐教材 | |
| 314 | @a刘亮如,高级讲师 | |
| 330 | @a以心理学理论为基础,以丰富多彩的营销实战活动为依据,主要讲授市场营销活动中商品销售者和购买者心理现象产生、发展的一般规律,以及买卖双方心理沟通的一般过程。 | |
| 540 | 1 | @a营销 心理学@AYING XIAO XIN LI XUE |
| 606 | 0 | @a商业心理学@x专业学校@x教材 |
| 606 | 0 | @a心理学 |
| 690 | @aF713.5@v三版 | |
| 690 | @aB84@v4 | |
| 701 | 0 | @a刘亮如@ALIU LIANG RU@4编写 |
| 801 | 0 | @aCN@bTSSF@c19940514 |
| 905 | @a10447@dB84@eJY91 | |
| 营销心理学/刘亮如等编写.-北京:中国商业出版社,1994 |
| 303页;19cm |
| 国内贸易部教育司推荐教材 |
| ISBN 7-5044-1693-2:CNY9.80 |
| 以心理学理论为基础,以丰富多彩的营销实战活动为依据,主要讲授市场营销活动中商品销售者和购买者心理现象产生、发展的一般规律,以及买卖双方心理沟通的一般过程。 |
| ● |
| 相关链接 |
|
|
|
|
正题名:营销心理学
索取号:B84/JY91
 
预约/预借
| 序号 | 登录号 | 条形码 | 馆藏地/架位号 | 状态 | 备注 |
| 1 | 7830299 | 278302999 | 学院路分馆/ [索取号:B84/JY91] | 在馆 | |
| 2 | 7830300 | 278303006 | 学院路分馆/ [索取号:B84/JY91] | 在馆 | |
| 3 | 7830301 | 278303015 | 学院路分馆/ [索取号:B84/JY91] | 在馆 | |
| 4 | 7830302 | 278303024 | 学院路分馆/ [索取号:B84/JY91] | 在馆 |